LEADER 03835nam 2200565 450 001 9910817481903321 005 20230126215635.0 010 $a3-11-045837-3 010 $a3-11-045915-9 024 7 $a10.1515/9783110459159 035 $a(CKB)3850000000000656 035 $a(MiAaPQ)EBC4812843 035 $a(DE-B1597)461027 035 $a(OCoLC)979955191 035 $a(DE-B1597)9783110459159 035 $a(Au-PeEL)EBL4812843 035 $a(CaPaEBR)ebr11352364 035 $a(CaONFJC)MIL995443 035 $a(OCoLC)974589678 035 $a(EXLCZ)993850000000000656 100 $a20170306h20172017 uy 0 101 0 $ager 135 $aurcnu|||||||| 181 $2rdacontent 182 $2rdamedia 183 $2rdacarrier 200 14$aDas Politische in der Ontologie der Person $eHelmuth Plessners Philosophische Anthropologie im Verhaltnis zu den Substanzontologien von Aristoteles und Edith Stein /$fSebastian Edinger 210 1$aBerlin, [Germany] ;$aBoston, [Massachusetts] :$cDe Gruyter,$d2017. 210 4$d©2017 215 $a1 online resource (428 pages) 225 0 $aPhilosophische Anthropologie,$x2191-9275 ;$vBand 10 311 $a3-11-045832-2 320 $aIncludes bibliographical references. 327 $tFrontmatter -- $tInhalt -- $tDanksagung -- $tEinleitung -- $t1. Der Begriff der Ontologie in Plessners Werk. Interne Motivierung der Fragestellung -- $t2. Grundbegriffe der Aristotelischen Ontologie -- $t3. Edith Stein: Die moderne Transformation der klassischen Ontologie in eine philosophisch-theologische Anthropologie -- $t4. Plessners Transformation der Ontologie -- $t5. Das Politische in der Ontologie der Person -- $tSchlussbetrachtung -- $tLiteraturverzeichnis 330 $aDie Naturphilosophie und die Politische Philosophie werden gemeinhin als Disziplinen aufgefasst, die grundlegend verschiedene Problembereiche zum Gegenstand haben. Die Aporien zu überwinden, welche daraus resultieren, ist die Pointe von Plessners Philosophischer Anthropologie. In dieser Studie wird gezeigt, wie Plessner in der Aneignung elementarer Topoi der klassischen Ontologie eine strukturell neuartige "Ontologie des Organischen" entwickelt. Dieser von Plessner beiläufig verwendete Ausdruck wird in dieser Studie systematisch entwickelt. Was dabei elaboriert wird, ist eine komplexe naturphilosophische "Ontologie des Ausgleichs". In dieser Ontologie des Ausgleichs werden elementare naturphilosophische Ausgleichsleistungen expliziert, die als solche einen Doppelsinn haben: was auf der organismischen Ebene strukturell als Ausgleich des organischen Körpers mit sich selbst und der Umwelt expliziert wird, nimmt im menschlichen Bereich die Gestalt einer Ontologie der Personen an, wo die strukturell identische Ausgleichsleistung als das Spiel der Personalisierung zu vollziehen ist. Plessners Ansatz wird hier als ein auf diese Fragen neuartig antwortender, gleichberechtigt als ontologischer und sozialphilosophischer Ansatz expliziert. 330 $aThis study re-interprets Plessner?s philosophical anthropology as an ontology of the organic. Through an analytic comparison with Aristotle and Stein, the author shows that Plessner not only adopts central ontological topoi, but critically transforms them, thereby conceiving the relationship between nature and politics in terms of a natural philosophy of the political. 606 $aOntology$xPolitical aspects 610 $aAristotle. 610 $aDescartes, René. 610 $asubstance. 615 0$aOntology$xPolitical aspects. 676 $a320.01 700 $aEdinger$b Sebastian$01724846 801 0$bMiAaPQ 801 1$bMiAaPQ 801 2$bMiAaPQ 906 $aBOOK 912 $a9910817481903321 996 $aDas Politische in der Ontologie der Person$94127240 997 $aUNINA LEADER 01466nam 2200373Ia 450 001 996385496603316 005 20221108025209.0 035 $a(CKB)4940000000079240 035 $a(EEBO)2240851763 035 $a(OCoLC)ocm12858436e 035 $a(OCoLC)12858436 035 $a(EXLCZ)994940000000079240 100 $a19851202d1642 uy | 101 0 $aeng 135 $aurbn||||a|bb| 200 14$aThe essayes or counsels, civill and morall, of Francis Lo. Verulam, Viscount St. Alban$b[electronic resource] $ewith a table of the colours, or apparances [sic] of good and evill, and their degrees, as places of perswasion, and disswasion, and their severall fallaxes, and the elenches of them 205 $aNewly enlarged. 210 $aLondon $cPrinted by Jo. Beale for Richard Royston ...$d1642 215 $a[6], 340, [42] p. $cport 300 $aAdded t.p. on p. [5] following p. 340: Of the colovrs of good and evill. 300 $a"A table ..." [i.e. index]: p. [1]-[3] following p. 340. 300 $aReproduction of original in Huntington Library. 330 $aeebo-0113 700 $aBacon$b Francis$f1561-1626.$0159133 701 2$aBacon$b Francis$f1561-1626.$0159133 801 0$bEAA 801 1$bEAA 801 2$bm/c 801 2$bUMI 801 2$bWaOLN 906 $aBOOK 912 $a996385496603316 996 $aThe essayes or counsels, civill and morall, of Francis Lo. Verulam, Viscount St. Alban$92387888 997 $aUNISA